Sistematización bibliográfica sobre violencia intrafamiliar
Saved in:
| Institution som forfatter: | |
|---|---|
| Format: | Bog |
| Sprog: | spansk |
| Udgivet: |
Santiago
SERNAM
1995
|
| Serier: | Documentos de Trabajo, 37
|
| Fag: | |
| Tags: |
Tilføj Tag
Ingen Tags, Vær først til at tagge denne postø!
|
MARC
| LEADER | 00000nam a2200000 a 4500 | ||
|---|---|---|---|
| 001 | UCS8628 | ||
| 003 | CL-VaPUC | ||
| 008 | 971107e19950000CL |||||||||||||||||spa|d | ||
| 082 | 0 | 4 | |a 362.829 |b SER |2 21 |
| 110 | 2 | |a SERNAM |e author |9 393410 | |
| 245 | 1 | 0 | |a Sistematización bibliográfica sobre violencia intrafamiliar |
| 300 | |a 83 P | ||
| 942 | |c BK | ||
| 945 | |d 19971107 00:00:00 |a jquezada | ||
| 260 | |a Santiago |b SERNAM |c 1995 | ||
| 650 | 0 | |a Violencia intrafamiliar |9 312986 | |
| 650 | 0 | |a Mujeres maltratadas |9 328273 | |
| 650 | 7 | |a NIÑOS MALTRATADOS |2 CL-VaPUC |9 338785 | |
| 650 | 0 | |a Violencia conyugal |9 259238 | |
| 650 | 0 | |a Mujeres |9 257649 | |
| 650 | 0 | |a Violencia en el hogar |9 334209 | |
| 650 | 0 | |a Agresividad |9 257862 | |
| 650 | 0 | |a Aspectos jurídicos |9 328188 | |
| 650 | 0 | |a Pobreza |9 258652 | |
| 650 | 0 | |a Divorcio |9 256204 | |
| 650 | 0 | |a Adopción |9 255783 | |
| 650 | 7 | |a EDUCACION FAMILIAR |2 CL-VaPUC |9 309569 | |
| 650 | 0 | |a Derechos de la mujer |9 257074 | |
| 583 | |a last modification |c 19971107 00:00:00 |k Rodrigo Vera | ||
| 490 | 0 | |a Documentos de Trabajo, 37 | |
| 999 | |c 262927 |d 262925 | ||
| 952 | |0 0 |1 0 |4 0 |6 362_829000000000000_SER_1995 |7 0 |8 A |9 291969 |a BIBEDU |b BIBEDU |d 2019-11-19 |i 3361470 |o 362.829 SER 1995 |p 3361470 |r 2019-11-19 |w 2019-11-19 |y BK |k EDU | ||
| 952 | |0 0 |1 0 |4 0 |6 362_829000000000000_SER_1995 |7 0 |8 A |9 291970 |a BIBGIM |b BIBGIM |d 2019-11-19 |i 4651510 |l 1 |o 362.829 SER 1995 |p 4651510 |r 2025-01-15 |s 2021-10-22 |w 2019-11-19 |y BK |k GIM | ||
| 952 | |0 0 |1 0 |4 0 |6 362_829000000000000_SER_1995 |7 0 |8 A |9 291971 |a BIBEDU |b BIBEDU |d 2019-11-19 |i 4723384 |o 362.829 SER 1995 |p 4723384 |r 2019-11-19 |w 2019-11-19 |y BK |k PSI | ||